LEADER 01796oam 2200565Ia 450 001 9910699522803321 005 20230902161546.0 035 $a(CKB)5470000002403701 035 $a(OCoLC)812453899 035 $a(EXLCZ)995470000002403701 100 $a20121010d2009 ua 0 101 0 $aeng 135 $aurmn||||||||| 181 $ctxt$2rdacontent 182 $cc$2rdamedia 183 $acr$2rdacarrier 200 14$aThe 88 Queensway Group $ea case study in Chinese investors' operations in Angola and beyond /$fLee Levkowitz, Marta McLellan Ross, J.R. Warner 210 1$a[Washington, D.C.] :$cU.S.-China Economic & Security Review Commission,$d[2009] 215 $a1 online resource (iii, 56 pages) $cillustrations 300 $aTitle from title screen (viewed on Oct. 10, 2012). 300 $a"July 10, 2009." 320 $aIncludes bibliographical references. 517 $a88 Queensway Group 606 $aInvestments, Chinese$zAngola 606 $aInvestments, Chinese$2fast 606 $aInternational relations$2fast 607 $aChina$xRelations$zAngola 607 $aAngola$xRelations$zChina 607 $aAngola$2fast 607 $aChina$2fast 615 0$aInvestments, Chinese 615 7$aInvestments, Chinese. 615 7$aInternational relations. 700 $aLevkowitz$b Lee$01394612 701 $aMcLellan Ross$b Marta$01421518 701 $aWarner$b J. R$01421519 712 02$aU.S.-China Economic and Security Review Commission. 801 0$bGPO 801 1$bGPO 801 2$bOCLCQ 801 2$bOCLCF 801 2$bOCL 801 2$bOCLCQ 801 2$bCNO 801 2$bOCLCQ 801 2$bGPO 906 $aBOOK 912 $a9910699522803321 996 $aThe 88 Queensway Group$93542991 997 $aUNINA LEADER 00745nam a2200217 i 4500 001 991004365338407536 005 20250205100659.0 008 250205s1971 it er 001 0 ita d 040 $aBibl. Dip.le Aggr. Scienze Giuridiche - Sez. Studi Giuridici$bita$cSocioculturale Scs 041 0 $aita 082 04$a330.9450912$223 100 1 $aLa Francesca, Salvatore$036736 245 13$aLa politica economica italiana dal 1900 al 1913 /$cSalvatore La Francesca 260 $aRoma :$bEdizioni dell'Ateneo,$c1971 300 $a153 p. ;$c24 cm 490 1 $aStoria 651 7$aItalia$xPolitica economica$y1900-1913 830 0$aStoria 912 $a991004365338407536 996 $aPolitica economica italiana dal 1900 al 1913$9443603 997 $aUNISALENTO